Rabin Hood (Record no. 3286)

MARC details
000 -LEADER
fixed length control field 00468cam a2200193ua 4500
008 - FIXED-LENGTH DATA ELEMENTS--GENERAL INFORMATION
fixed length control field 111215n ii |||gr||||Z||||||asm
040 ## - CATALOGING SOURCE
Transcribing agency MAIN
082 ## - DEWEY DECIMAL CLASSIFICATION NUMBER
Classification number 891.4513
100 ## - MAIN ENTRY--PERSONAL NAME
Personal name Green, R. L.,
245 11 - TITLE STATEMENT
Title Rabin Hood
Statement of responsibility, etc. by R. L. Green
250 ## - EDITION STATEMENT
Edition statement 1st.
260 ## - PUBLICATION, DISTRIBUTION, ETC.
Place of publication, distribution, etc. Guwahati:
Name of publisher, distributor, etc. Lawyers book stall,997.
300 ## - PHYSICAL DESCRIPTION
Extent 61p:
Dimensions 23cm.
700 ## - ADDED ENTRY--PERSONAL NAME
Personal name Chakravarty, Nalimi.,
Relator term
942 ## - ADDED ENTRY ELEMENTS (KOHA)
Koha item type Books
653 ## - INDEX TERM--UNCONTROLLED
Uncontrolled term Assamese novel
653 ## - INDEX TERM--UNCONTROLLED
Uncontrolled term Rabin Hood
Holdings
Withdrawn status Lost status Damaged status Not for loan Home library Current library Shelving location Date acquired Total Checkouts Full call number Barcode Date last seen Date last checked out Copy number Price effective from Koha item type
        Naharkatiya College Library Naharkatiya College Library General Stacks 19/09/2020 1 891.4513 | GRE 10836 17/01/2024 08/01/2024 2 19/09/2020 Books
        Naharkatiya College Library Naharkatiya College Library General Stacks 19/09/2020   891.4513 | GRE 10837 19/09/2020   1 19/09/2020 Books

Naharkatiya College © 2020. All rights reserved.

Powered By